| 000 | 00797 a2200265 4500 | ||
|---|---|---|---|
| 001 | 200000593 | ||
| 999 |
_c200000593 _d43204 |
||
| 003 | TR-AnTOB | ||
| 005 | 20230818000903.0 | ||
| 008 | 090730s2003 enk 00000 eng | ||
| 020 | _a1844660720 | ||
| 040 | _aTR-AnTOB | ||
| 041 | _aeng | ||
| 050 | 0 |
_aTRCCLISPBEVA2003 _bEVAn |
|
| 090 | _aTRC C LIS PB EVA 2003 EVAn | ||
| 100 | 1 |
_aEvans, Virginia, _968357 |
|
| 245 | 0 |
_aEnterprise : _blistening tests / _cVirginia Evans, Jenny Dooley. |
|
| 264 | 1 |
_aNewbury : _bExpress Publishing, _c2003. |
|
| 300 | _a70 p. | ||
| 650 | 0 |
_aListening _vProblems, exercises, etc. _967657 |
|
| 650 | 0 |
_aEnglish language _vTextbooks for foreign speakers _xTextbooks for foreign speakers _967636 |
|
| 700 | 1 |
_aDooley, Jenny _946230 |
|
| 903 | _aOkutman Kaynak Merkezi | ||
| 945 | _aÇP | ||
| 942 | _cBK | ||